000 00224 a2200097 4500
001 13546
100 _aCorwin E.S
245 _aThe constitution
260 _aNew Jersey
_bPrinceton university press
_c
090 _c10549
_d10549
942 _aNUST-CAE
_cM
_c613
999 _c248619
_d248619